00401nam a2200145Ia 4500008004100000020001800041041000800059082001800067100001300085245009900098260002300197300000800220365001400228700001300242230720s9999 xx 000 0 und d a9789352137305 aeng a006.31'3bALB aAlbon C. aMachine Learning With Python CookbookbPractical Solutions From Preprocessing To Deep Learning c2018bSPD/O'Reilly a349 cRs.b1250 aAlbon C.